02226cam a22003255a 45000010009000000050017000090080041000260200047000670200044001140400085001580820020002431000033002632450082002962460055003782600048004333000033004815000024005145040041005385050403005795200547009826500040015296500037015696500032016066500032016386510010016706530036016809420008017169990017017249520159017411838037320160202113908.0141120t2014 nyua frb 001 0 eng d a9780071809894 (hardcover : acidfree paper) a0071809899 (hardcover : acidfree paper) aBTCTAbengcBTCTAdBDXdUKMGBdYDXCPdEGMdCUIdOCLCFdAU@dDEBSZdDLCdEG-ScBUE04a658.27222bRIC1 aRichardson, Duncan C.93921210aPlant equipment and maintenance engineering handbook /cDuncan C. Richardson.3 aPlant equipment & maintenance engineering handbook aNew York :bMCGraw-Hill Education,cc.2014. axiv, 577 p. :bill. ;c24 cm aIndex : p. 559-577. aIncludes bibliographical references.0 aAir compressors and compressed-air systems -- Air conditioning -- Ash-handling systems -- Bearings and lubrication --Boilers -- Cleaning and housekeeping -- Condensers -- Controls -- Cooling towers -- Corrosion -- Diesels and gas turbines -- Electrical -- Fans -- Fire protection -- Fuels and combustion -- Feedwater heaters -- Piping -- Pumps -- Turbines -- Valves -- Vibration -- Water treatment. aThis practical, one-of-a-kind field manual explains how equipment in industrial facilities operates and covers all aspects of commissioning relevant to engineers and project managers. This text contains a data log of all major industrial and power plant components, describes how they function, and includes rules of thumb for operation. Hundreds of handy reference materials, such as calculations and tables, plus a comprehensive listing of electrical parts with common supplier nomenclature are also included in this time-saving resource -- 7aIndustrial equipment.2BUEsh939213 7aPlant engineering.2BUEsh939214 7aPlant layout.2BUEsh927405 7aPower-plants.2BUEsh939215 2BUEsh bENGGENcAugust2015cJanuary2016 2ddc c20476d20448 00102ddc40708BaccahaMAINbMAINc1STd2015-08-05ePurchaseg1200.00h21761l3m19o658.27 RICp000039029r2025-07-15 00:00:00s2022-10-18v1500.00yBB